The ecosystem of group relations : (Record no. 4134)
[ view plain ]
| 000 -LEADER | |
|---|---|
| fixed length control field | 00862nam a22002537a 4500 |
| 003 - CONTROL NUMBER IDENTIFIER | |
| control field | OSt |
| 005 - DATE AND TIME OF LATEST TRANSACTION | |
| control field | 20250822014648.0 |
| 008 - FIXED-LENGTH DATA ELEMENTS--GENERAL INFORMATION | |
| fixed length control field | 250822b |||||||| |||| 00| 0 eng d |
| 020 ## - INTERNATIONAL STANDARD BOOK NUMBER | |
| International Standard Book Number | 978-1-032-19930-6 |
| 040 ## - CATALOGING SOURCE | |
| Original cataloging agency | DWC-Main Lib |
| Transcribing agency | OC |
| 082 ## - DEWEY DECIMAL CLASSIFICATION NUMBER | |
| Classification number | Circ, 302.14 E19 2023 |
| 100 ## - MAIN ENTRY--PERSONAL NAME | |
| Personal name | Archer, Coreene |
| 245 ## - TITLE STATEMENT | |
| Title | The ecosystem of group relations : |
| Remainder of title | culture, gender, identity in groups and organizations/ |
| Statement of responsibility, etc. | Coreene Archer [and three others] |
| 260 ## - PUBLICATION, DISTRIBUTION, ETC. | |
| Place of publication, distribution, etc. | New York : |
| Name of publisher, distributor, etc. | Routledge, |
| Date of publication, distribution, etc. | c2023. |
| 300 ## - PHYSICAL DESCRIPTION | |
| Extent | xiii, 204 pages : |
| Other physical details | illustrations ; |
| Dimensions | 23cm. |
| 504 ## - BIBLIOGRAPHY, ETC. NOTE | |
| Bibliography, etc. note | Includes bibliographical references and index. |
| 650 ## - SUBJECT ADDED ENTRY--TOPICAL TERM | |
| Topical term or geographic name entry element | 1. Group identity. |
| 650 ## - SUBJECT ADDED ENTRY--TOPICAL TERM | |
| Topical term or geographic name entry element | 2. Group relations trainings. |
| 650 ## - SUBJECT ADDED ENTRY--TOPICAL TERM | |
| Topical term or geographic name entry element | 3. Interpersonal relations. |
| 700 ## - ADDED ENTRY--PERSONAL NAME | |
| Personal name | Kelly, Rachel |
| 700 ## - ADDED ENTRY--PERSONAL NAME | |
| Personal name | Triest, Joseph |
| 700 ## - ADDED ENTRY--PERSONAL NAME | |
| Personal name | Strauss, Gordon |
| 942 ## - ADDED ENTRY ELEMENTS (KOHA) | |
| Source of classification or shelving scheme | Dewey Decimal Classification |
| Koha item type | Book Circulation |
| Call number prefix | Circ. |
| Suppress in OPAC | No |
| 952 ## - LOCATION AND ITEM INFORMATION (KOHA) | |
| -- | |
| Withdrawn status | Lost status | Source of classification or shelving scheme | Damaged status | Not for loan | Home library | Current library | Shelving location | Date acquired | Source of acquisition | Total Checkouts | Full call number | Barcode | Date last seen | Copy number | Price effective from | Koha item type | Uniform Resource Identifier |
|---|---|---|---|---|---|---|---|---|---|---|---|---|---|---|---|---|---|
| Dewey Decimal Classification | College Library | College Library | Circulation | 08/29/2023 | School Fund | Circ. 302.14 E19 2023 | CL53870 | 08/22/2025 | c1 | 08/22/2025 | BK-CIRC |